[Event "World Rapid 2019"]
[Site "Moscow RUS"]
[Date "2019.12.27"]
[Round "10.49"]
[White "Piorun, Kacper"]
[Black "Golubov, Saveliy"]
[Result "1-0"]
[WhiteTitle "GM"]
[BlackTitle "IM"]
[WhiteElo "2611"]
[BlackElo "2469"]
[WhiteFideId "1130420"]
[BlackFideId "24176729"]
[EventDate "2019.12.26"]

1. e4 g6 2. d4 Bg7 3. Nc3 d6 4. f4 Nf6 5. Nf3 O-O 6. Bd3 Bg4 7. O-O Nc6 8. e5
dxe5 9. dxe5 Nd7 10. Be3 f6 11. h3 Bxf3 12. Qxf3 fxe5 13. f5 e6 14. Bc4 Kh8 15.
Bxe6 Nd4 16. Bxd4 exd4 17. Ne4 gxf5 18. Bxf5 Qh4 19. Qg4 Qxg4 20. hxg4 Ne5 21.
Ng5 Bh6 22. Ne6 Be3+ 23. Kh2 Rf7 24. Rad1 Rg8 25. Kh3 Nc4 26. b3 Nd2 27. Rfe1 h5
28. Nxd4 hxg4+ 29. Kg3 Ne4+ 30. Bxe4 Bf2+ 31. Kh2 g3+ 32. Kh3 Bxe1 33. Rxe1 Rf4
34. Nf3 Rf6 35. Bd3 a5 36. a4 Rh6+ 37. Nh4 Rg5 38. Re4 Kg7 39. Rg4 Kf6 40. Kxg3
c6 41. Rxg5 Kxg5 42. Nf3+ Kf6 43. Kf4 Rh1 44. g4 Rc1 45. g5+ Kg7 46. Nd4 1-0

[Event "World Rapid 2019"]
[Site "Moscow RUS"]
[Date "2019.12.27"]
[Round "10.50"]
[White "Rychagov, Andrey"]
[Black "Melkumyan, Hrant"]
[Result "0-1"]
[WhiteTitle "GM"]
[BlackTitle "GM"]
[WhiteElo "2545"]
[BlackElo "2668"]
[WhiteFideId "4119932"]
[BlackFideId "13302485"]
[EventDate "2019.12.26"]

1. d4 Nf6 2. c4 g6 3. Nc3 Bg7 4. e4 d6 5. Nf3 O-O 6. Be2 c5 7. O-O Re8 8. dxc5
dxc5 9. Qxd8 Rxd8 10. Be3 b6 11. Rad1 Nc6 12. Rxd8+ Nxd8 13. Rd1 Nc6 14. h3 Bb7
15. Kf1 e6 16. Ke1 Nb4 17. e5 Nc2+ 18. Kf1 Nxe3+ 19. fxe3 Ne8 20. Nb5 Bc6 21. b3
a6 22. Nd6 Nxd6 23. Rxd6 Rc8 24. Kf2 Kf8 25. Rd2 Ke7 26. a4 h5 27. Rd1 Rb8 28.
Rd6 Bxf3 29. Bxf3 Bxe5 30. Rd2 h4 31. Bc6 Bd6 32. Kf3 f5 33. Rd1 Rg8 34. Ke2 a5
35. Rd2 Rh8 36. Bf3 Rd8 37. Bc6 Kf6 38. Be8 Ke5 39. Bc6 g5 40. Rd1 Rc8 41. Bb7
Rc7 42. Ba8 Rg7 43. Rh1 Rg8 44. Bc6 Be7 45. Rd1 g4 46. Rh1 Kd6 47. Bb7 Kc7 48.
Rd1 Rg7 49. Ba8 Rg8 50. Bb7 gxh3 51. gxh3 Rg3 52. Bf3 Rxh3 53. Rg1 Kd6 54. Rg7
Rh2+ 55. Rg2 Rh3 56. Rg6 Ke5 57. Bb7 Bf6 58. Rg8 Rh2+ 59. Rg2 Rh1 60. Rg8 Rb1
61. Re8 Kd6 62. Bc8 Be7 63. Rh8 Rxb3 0-1

[Event "World Rapid 2019"]
[Site "Moscow RUS"]
[Date "2019.12.27"]
[Round "10.51"]
[White "Khusnutdinov, Rustam"]
[Black "Sarana, Alexey"]
[Result "1-0"]
[WhiteTitle "GM"]
[BlackTitle "GM"]
[WhiteElo "2491"]
[BlackElo "2663"]
[WhiteFideId "13701703"]
[BlackFideId "24133795"]
[EventDate "2019.12.26"]

1. e4 c5 2. Nc3 d6 3. Bb5+ Nd7 4. d4 cxd4 5. Qxd4 a6 6. Bxd7+ Bxd7 7. Nf3 e5 8.
Qd3 Rc8 9. O-O Qc7 10. a4 Be7 11. Bg5 Be6 12. Rfd1 h6 13. Bxe7 Kxe7 14. Nd2 Nf6
15. Nf1 Bc4 16. Qd2 Bxf1 17. Kxf1 Qc4+ 18. Qd3 Rc6 19. Qxc4 Rxc4 20. f3 g5 21.
Rd2 Rhc8 22. Ke1 Ke6 23. Kd1 R8c5 24. Ra3 Rb4 25. Kc1 g4 26. Na2 Rd4 27. b4 Rcc4
28. Rxd4 exd4 29. fxg4 Nxg4 30. Kd2 Nf2 31. Rf3 Nxe4+ 32. Kd3 d5 33. Rf4 a5 34.
Rxe4+ dxe4+ 35. Kxc4 e3 36. Nc1 1-0

[Event "World Rapid 2019"]
[Site "Moscow RUS"]
[Date "2019.12.27"]
[Round "10.52"]
[White "Fridman, Daniel"]
[Black "Triapishko, Alexandr"]
[Result "1-0"]
[WhiteTitle "GM"]
[BlackTitle "IM"]
[WhiteElo "2616"]
[BlackElo "2502"]
[WhiteFideId "11600454"]
[BlackFideId "14122286"]
[EventDate "2019.12.26"]

1. Nf3 Nf6 2. c4 e6 3. g3 d5 4. Bg2 Be7 5. O-O O-O 6. b3 b6 7. Bb2 Bb7 8. e3
Nbd7 9. Nc3 c5 10. Qe2 Ne4 11. cxd5 exd5 12. d4 Ndf6 13. Rfd1 Nxc3 14. Bxc3 Ne4
15. Bb2 Bf6 16. Rac1 Rc8 17. Ne5 cxd4 18. Bxd4 Qe7 19. Qb2 Rxc1 20. Rxc1 Nc5 21.
Rd1 Ne6 22. Bc3 Rd8 23. Nf3 Bxc3 24. Qxc3 Rc8 25. Qd2 Qc5 26. Ne1 h6 27. h4 a5
28. Kh2 Kh8 29. Nd3 Qc3 30. Kg1 Kg8 31. Kh2 Kf8 32. Nb2 b5 33. Qe2 Qc5 34. Qd2
Qc2 35. Nd3 b4 36. Ne5 Rc7 37. Nd7+ Ke7 38. Nb6 Qxd2 39. Rxd2 Rc1 40. Bxd5 Bxd5
41. Nxd5+ Ke8 42. Nb6 Nc5 43. Kg2 g6 44. Kf3 Ra1 45. Rd5 Nb7 46. Nc4 Rxa2 47.
Rb5 Nd8 48. Rxa5 Rc2 49. Re5+ Kd7 50. Rd5+ Ke7 51. Na5 Ne6 52. Rb5 g5 53. Rxb4
f5 54. Rc4 Rb2 55. b4 Kd6 56. Rc6+ Ke7 57. Rb6 Ra2 58. Nc6+ Kf7 59. Nd4 Nxd4+
60. exd4 Ra3+ 61. Kg2 gxh4 62. gxh4 Rd3 63. Rxh6 Rxd4 64. b5 Kg7 65. Rc6 Rxh4
66. b6 Rb4 67. Kf3 Kf7 68. Ke3 Ke7 69. Rh6 Kd7 70. b7 Kc7 71. Rh7+ Kd6 72. Kd3
Kd5 73. Rd7+ Ke6 74. Kc3 Rb1 75. Rh7 Kd5 76. Kd3 Rb3+ 77. Ke2 Ke5 78. Kf1 Kd5
79. Ke1 Ke5 80. Ke2 Kd5 81. Kd2 Kd4 82. Rf7 Rb2+ 83. Kc1 Rb6 84. Kc2 Ke5 85. Kc3
Ke6 86. Rh7 Kd5 87. f4 Rb1 88. Re7 Kd6 89. Rf7 Ke6 90. Rh7 Kd5 91. Rg7 Rb6 92.
Rh7 Rb1 93. Kd2 Ke4 94. Kc2 Rb6 95. Kc3 Kd5 96. Kc2 Ke4 97. Rd7 Kxf4 98. Kc3 Ke5
99. Kc4 Ke6 100. Kc5 Rb1 101. Rd6+ Ke5 102. Rb6 Rc1+ 103. Kb5 Rb1+ 104. Kc6 Rc1+
105. Kd7 Rd1+ 106. Ke7 1-0

[Event "World Rapid 2019"]
[Site "Moscow RUS"]
[Date "2019.12.27"]
[Round "10.53"]
[White "Gajewski, Grzegorz"]
[Black "Alekseev, Evgeny"]
[Result "0-1"]
[WhiteTitle "GM"]
[BlackTitle "GM"]
[WhiteElo "2626"]
[BlackElo "2620"]
[WhiteFideId "1116207"]
[BlackFideId "4138147"]
[EventDate "2019.12.26"]

1. d4 Nf6 2. Bf4 e6 3. e3 d5 4. Nf3 c5 5. Nbd2 Nc6 6. c3 cxd4 7. exd4 Nh5 8. Be5
f6 9. Bg3 g6 10. Bd3 Bg7 11. O-O O-O 12. Re1 Nxg3 13. hxg3 e5 14. dxe5 fxe5 15.
c4 e4 16. cxd5 exf3 17. gxf3 Ne5 18. Be4 Nf7 19. f4 Nd6 20. Bg2 Bf5 21. Nf3 Bxb2
22. Rb1 Bxb1 23. Qxb1 Bf6 24. Re6 Re8 25. Ne5 Rxe6 26. dxe6 Qe7 27. Nd7 Bg7 28.
Bd5 Rc8 29. Qb4 b6 30. Qa3 Nf5 31. Qa4 h5 32. Kg2 Rc7 33. Nb8 Nd4 34. Na6 b5 35.
Qa5 Rc8 36. Qe1 Kh7 37. g4 hxg4 38. Qh1+ Bh6 39. Kg3 Ne2+ 40. Kxg4 Nxf4 41. Bb3
Qg5+ 42. Kf3 Rc3+ 43. Ke4 Qf5+ 44. Kd4 Rd3# 0-1

[Event "World Rapid 2019"]
[Site "Moscow RUS"]
[Date "2019.12.27"]
[Round "10.54"]
[White "Sasikiran, Krishnan"]
[Black "Sakaev, Konstantin"]
[Result "0-1"]
[WhiteTitle "GM"]
[BlackTitle "GM"]
[WhiteElo "2656"]
[BlackElo "2596"]
[WhiteFideId "5004985"]
[BlackFideId "4104226"]
[EventDate "2019.12.26"]

1. e4 c5 2. Nf3 d6 3. d4 cxd4 4. Nxd4 Nf6 5. Nc3 a6 6. Be3 e5 7. Nb3 Be6 8. f3
Be7 9. Qd2 O-O 10. O-O-O Nbd7 11. g4 b5 12. g5 Nh5 13. Kb1 Nb6 14. Na5 Qc7 15.
Nd5 Nxd5 16. exd5 Bd7 17. c4 Nf4 18. h4 bxc4 19. Bxf4 c3 20. Qxc3 Qxc3 21. bxc3
exf4 22. Bh3 Bxh3 23. Rxh3 f6 24. Nc6 Bd8 25. Rdh1 Bb6 26. Re1 Rae8 27. Rhh1 Be3
28. g6 hxg6 29. Kc2 g5 30. hxg5 fxg5 31. Kd3 Kf7 32. c4 Kf6 33. Nd4 Bxd4 34.
Kxd4 Rxe1 35. Rxe1 g4 36. fxg4 Kg5 37. c5 dxc5+ 38. Kxc5 f3 39. d6 f2 40. Rf1
Kxg4 41. d7 Kg3 0-1

[Event "World Rapid 2019"]
[Site "Moscow RUS"]
[Date "2019.12.27"]
[Round "10.55"]
[White "Huzman, Alexander"]
[Black "Postny, Evgeny"]
[Result "1/2-1/2"]
[WhiteTitle "GM"]
[BlackTitle "GM"]
[WhiteElo "2567"]
[BlackElo "2605"]
[WhiteFideId "2803828"]
[BlackFideId "2804344"]
[EventDate "2019.12.26"]

1. d4 Nf6 2. c4 e6 3. g3 Bb4+ 4. Bd2 Bxd2+ 5. Qxd2 d5 6. Bg2 O-O 7. Nf3 c6 8.
O-O b6 9. Rc1 Nbd7 10. cxd5 cxd5 11. Nc3 Ba6 12. a4 Qe7 13. Nb5 Ne4 14. Qe1 Bxb5
15. axb5 Nd6 16. Qb4 Rfc8 17. Ne5 Nf6 18. e3 Nfe8 19. Bf1 Rxc1 20. Rxc1 Rc8 21.
Rc6 f6 22. Nd3 Qd7 23. Bh3 g5 24. Qa4 Kg7 25. Nb4 h5 26. Bf1 Rc7 27. Rxc7 Qxc7
28. Nc6 Nc8 29. Qd1 g4 30. h3 f5 31. hxg4 hxg4 32. e4 dxe4 33. d5 e5 34. Qc1 Kg6
35. Qc3 Kf6 36. Qe3 Kg6 37. Qc3 Kh7 38. Nxe5 Qxc3 39. bxc3 Kg7 40. Be2 Kf6 41.
Nc6 Ned6 42. c4 Nb7 43. Kf1 Nc5 44. Ke1 a5 45. bxa6 Nxa6 46. Kd2 Ne7 47. Ke3
Nxc6 48. dxc6 Nc7 49. Kd4 Ke6 50. c5 bxc5+ 51. Kxc5 Ke5 52. Bc4 Ne8 53. Bf7 Nc7
54. Kb6 Kd6 55. Bg6 Nd5+ 56. Kb7 Ke5 57. Bf7 Ne7 58. Bh5 e3 59. fxe3 Ke4 60. c7
Kxe3 61. c8=Q Nxc8 62. Kxc8 Kf3 63. Bg6 f4 64. gxf4 g3 65. Be8 1/2-1/2

[Event "World Rapid 2019"]
[Site "Moscow RUS"]
[Date "2019.12.27"]
[Round "10.56"]
[White "Zarubitski, Viachaslau"]
[Black "Sanal, Vahap"]
[Result "1/2-1/2"]
[WhiteTitle "IM"]
[BlackTitle "GM"]
[WhiteElo "2451"]
[BlackElo "2549"]
[WhiteFideId "13509373"]
[BlackFideId "6300545"]
[EventDate "2019.12.26"]

1. e4 e5 2. Nf3 Nc6 3. Nc3 Nf6 4. h3 d6 5. d4 exd4 6. Nxd4 Be7 7. Nxc6 bxc6 8.
Bc4 O-O 9. O-O Nd7 10. f4 Rb8 11. Qf3 Nc5 12. Bb3 Bb7 13. Be3 Nxb3 14. axb3 a6
15. Rad1 f5 16. e5 Qe8 17. Rfe1 Qf7 18. Bf2 Rfe8 19. Re3 Bf8 20. Qe2 h6 21. Re1
g6 22. exd6 Rxe3 23. dxc7 Rbe8 24. Bxe3 Qxc7 25. Qc4+ Kh7 26. Bf2 Rxe1+ 27. Bxe1
c5 28. Nd5 Qc6 29. Ne3 Qe8 30. Kf2 Be7 31. Qd3 h5 32. Bc3 Bh4+ 33. g3 Bd8 34.
Be5 Qc6 35. Ke1 Be7 36. Kd2 Kg8 37. Qc4+ Kf8 38. Qe2 Qh1 39. h4 Qg1 40. Qe1 Qh2+
41. Kc1 Be4 42. Kb1 Ke8 43. Ka2 Kf7 44. c4 a5 45. Bc3 Bd8 46. Qd2 Qh1 47. Qd1
Qxd1 48. Nxd1 Ke6 49. Nf2 Bc2 50. Ka3 Kd6 51. Ka4 Kc6 52. Nh3 Bd1 53. Nf2 Bc2
54. Bd2 Bf6 55. Bc3 1/2-1/2

[Event "World Rapid 2019"]
[Site "Moscow RUS"]
[Date "2019.12.27"]
[Round "10.57"]
[White "Iturrizaga Bonelli, Eduardo"]
[Black "Can, Emre"]
[Result "1/2-1/2"]
[WhiteTitle "GM"]
[BlackTitle "GM"]
[WhiteElo "2597"]
[BlackElo "2600"]
[WhiteFideId "3901211"]
[BlackFideId "6302181"]
[EventDate "2019.12.26"]

1. c4 c5 2. Nf3 g6 3. d4 Bg7 4. e4 d6 5. dxc5 dxc5 6. Qxd8+ Kxd8 7. Nc3 Bxc3+ 8.
bxc3 Nc6 9. Be3 b6 10. O-O-O+ Ke8 11. Nd2 Nf6 12. h3 Ba6 13. Be2 Rd8 14. f4 Na5
15. g4 Bb7 16. e5 Ne4 17. Nxe4 Bxe4 18. Rhf1 Rxd1+ 19. Rxd1 h5 20. gxh5 gxh5 21.
Rg1 Bf5 22. h4 e6 23. Rg5 Bg6 24. f5 Bxf5 25. Rxh5 Rxh5 26. Bxh5 Nxc4 27. Bf4
Be4 28. Be2 Na5 29. Bh6 Nc6 30. Bb5 Ke7 31. Bg7 Nb8 32. h5 a6 33. Be2 b5 34. h6
Nd7 35. Bf3 Bh7 36. Bb7 a5 37. Bc6 b4 38. Bxd7 Kxd7 39. Bf8 Kc6 40. c4 a4 1/2-1/2

[Event "World Rapid 2019"]
[Site "Moscow RUS"]
[Date "2019.12.27"]
[Round "10.58"]
[White "Atabayev, Saparmyrat"]
[Black "Moiseenko, Vadim"]
[Result "1-0"]
[WhiteTitle "IM"]
[BlackTitle "GM"]
[WhiteElo "2425"]
[BlackElo "2526"]
[WhiteFideId "14000571"]
[BlackFideId "4123700"]
[EventDate "2019.12.26"]

1. d4 Nf6 2. c4 g6 3. Nc3 Bg7 4. g3 O-O 5. Bg2 d6 6. Nf3 c5 7. O-O Nc6 8. dxc5
dxc5 9. Be3 Qa5 10. Qa4 Qxa4 11. Nxa4 b6 12. Rad1 Bf5 13. Nc3 Ne4 14. Nh4 Bxc3
15. g4 Bxb2 16. gxf5 Nd6 17. Bxc6 Rac8 18. Bd5 Bf6 19. Nf3 Nxf5 20. Bg5 Bxg5 21.
Nxg5 Kg7 22. Bxf7 Rxf7 23. Nxf7 Kxf7 24. Rd7 Nd6 25. Rxa7 Nxc4 26. Rd1 Rc6 27.
Rdd7 Re6 28. e3 g5 29. h3 Ne5 30. Rdc7 h5 31. a4 Nc6 32. Ra6 Nb4 33. Ra8 Nd5 34.
Rd7 Nf6 35. Rdd8 g4 36. hxg4 hxg4 37. Kg2 Ne4 38. Rg8 Rf6 39. Rgf8+ Ke6 40.
Rxf6+ exf6 41. Ra6 c4 42. Rxb6+ Kd5 43. a5 Kc5 44. Rb8 1-0

[Event "World Rapid 2019"]
[Site "Moscow RUS"]
[Date "2019.12.27"]
[Round "10.59"]
[White "Quparadze, Giga"]
[Black "Petrosyan, Manuel"]
[Result "1/2-1/2"]
[WhiteTitle "GM"]
[BlackTitle "GM"]
[WhiteElo "2462"]
[BlackElo "2613"]
[WhiteFideId "13602250"]
[BlackFideId "13300857"]
[EventDate "2019.12.26"]

1. e4 e5 2. Nf3 Nc6 3. Bb5 Nf6 4. O-O Nxe4 5. d4 Nd6 6. Bxc6 dxc6 7. dxe5 Nf5 8.
Qxd8+ Kxd8 9. Rd1+ Ke8 10. h3 h5 11. Nc3 Be7 12. Bg5 Be6 13. Rd2 Rd8 14. Rad1
Rxd2 15. Rxd2 h4 16. b3 Rh5 17. Bf4 Bb4 18. Rd3 Bxc3 19. Rxc3 Bd5 20. Ne1 Nd4
21. Re3 Ne6 22. Bh2 c5 23. c4 Bc6 24. Nd3 Ke7 25. Nf4 Nxf4 26. Bxf4 Ke6 27. f3
g5 28. Bh2 Rh8 29. Rd3 a5 30. a4 Rc8 31. Kf2 Ke7 32. Ke2 b6 33. Ke3 Ke6 34. Kf2
Rg8 35. Rd2 Bb7 36. Rd3 Bc6 37. Rd2 Bb7 1/2-1/2

[Event "World Rapid 2019"]
[Site "Moscow RUS"]
[Date "2019.12.27"]
[Round "10.60"]
[White "Yuffa, Daniil"]
[Black "Dragnev, Valentin"]
[Result "1/2-1/2"]
[WhiteTitle "GM"]
[BlackTitle "GM"]
[WhiteElo "2566"]
[BlackElo "2553"]
[WhiteFideId "24131423"]
[BlackFideId "1634852"]
[EventDate "2019.12.26"]

1. d4 Nf6 2. c4 e6 3. g3 Bb4+ 4. Bd2 Be7 5. Bg2 d5 6. Nf3 O-O 7. O-O Nbd7 8. Qb3
c6 9. Rd1 a5 10. Bf4 Nh5 11. Bc1 b5 12. cxd5 cxd5 13. Ne5 Qc7 14. Nc3 Nxe5 15.
Nxb5 Qb8 16. dxe5 a4 17. Qf3 Qxb5 18. Qxh5 Ba6 19. e4 g6 20. Qf3 Bb7 21. Qd3
Qxd3 22. Rxd3 Ba6 23. Rd1 dxe4 24. Bxe4 Rab8 25. Bh6 Rfc8 26. Rd2 Bb4 27. Rd7
Bb5 28. Rdd1 Be2 29. Rd4 a3 30. Rb1 axb2 31. Rxb2 Bc3 32. Rxb8 Rxb8 33. Ra4 Bxe5
34. Ra8 Rxa8 35. Bxa8 Bb5 36. Be4 Bb2 37. Bc2 Ba3 38. Bb3 Bd7 39. Kf1 f6 40. Be3
Bb5+ 41. Ke1 Kf7 42. Kd2 Ke7 43. Kc2 g5 44. Bc1 Bc5 45. a4 Bd7 46. Be3 Bxe3 47.
fxe3 Kd6 48. Kc3 Kc5 49. Bc2 e5 50. a5 Kb5 51. Bxh7 g4 52. Bc2 Kxa5 53. Kc4 Kb6
54. Kd5 Kc7 55. Bd1 Bf5 56. Ba4 Bc8 57. Bb5 Bf5 58. e4 Bc8 59. Be2 Bd7 60. Ba6
Kd8 61. Kd6 Ke8 62. Bc4 Bc8 63. Be6 Bb7 64. Bxg4 Bxe4 65. Ke6 Bd3 66. Kxf6 e4
67. Bf5 Bc2 68. h4 e3 69. Bg4 Bd3 70. h5 Kf8 71. h6 Kg8 72. Bf3 e2 73. Bxe2 Bxe2 1/2-1/2

[Event "World Rapid 2019"]
[Site "Moscow RUS"]
[Date "2019.12.27"]
[Round "10.61"]
[White "Belov, Vladimir"]
[Black "Makarian, Rudik"]
[Result "1/2-1/2"]
[WhiteTitle "GM"]
[BlackTitle "IM"]
[WhiteElo "2598"]
[BlackElo "2397"]
[WhiteFideId "4132394"]
[BlackFideId "44105681"]
[EventDate "2019.12.26"]

1. e4 e5 2. Nf3 Nc6 3. Bb5 Nf6 4. O-O Nxe4 5. d4 Nd6 6. Bxc6 dxc6 7. dxe5 Nf5 8.
Qxd8+ Kxd8 9. Nc3 Be7 10. h3 Nh4 11. Rd1+ Ke8 12. Nxh4 Bxh4 13. g4 Be7 14. Kg2
h5 15. f3 Be6 16. Be3 Rd8 17. Ne2 hxg4 18. Rxd8+ Kxd8 19. hxg4 Kc8 20. Nd4 Bd7
21. Kg3 c5 22. Nf5 Bxf5 23. gxf5 Rh5 24. Kf4 Rh4+ 25. Kg3 Rh5 26. Kf4 1/2-1/2

[Event "World Rapid 2019"]
[Site "Moscow RUS"]
[Date "2019.12.27"]
[Round "10.62"]
[White "Xu, Xiangyu"]
[Black "Romanov, Evgeny"]
[Result "1-0"]
[WhiteTitle "GM"]
[BlackTitle "GM"]
[WhiteElo "2582"]
[BlackElo "2604"]
[WhiteFideId "8608288"]
[BlackFideId "4148843"]
[EventDate "2019.12.26"]

1. e4 e5 2. d4 exd4 3. Qxd4 Nc6 4. Qc4 g6 5. h4 Qe7 6. Nc3 Nb4 7. Nb5 Na6 8.
Nxc7+ Nxc7 9. Qxc7 Nf6 10. f3 Bg7 11. Ne2 O-O 12. Nc3 Qe8 13. Bf4 d5 14. O-O-O
dxe4 15. Bb5 Qe6 16. Rhe1 Qb6 17. fxe4 Bg4 18. Qxb6 axb6 19. Rd6 Nh5 20. Bd2
Bxc3 21. Bxc3 Rxa2 22. Kb1 Ra7 23. Rxb6 Nf4 24. g3 Ng2 25. Rg1 Bf3 26. Bd3 Rd8
27. Rf6 1-0

[Event "World Rapid 2019"]
[Site "Moscow RUS"]
[Date "2019.12.27"]
[Round "10.63"]
[White "Utegaliyev, Azamat"]
[Black "Tsvetkov, Andrey"]
[Result "1-0"]
[BlackTitle "FM"]
[WhiteElo "2502"]
[BlackElo "2350"]
[WhiteFideId "13702467"]
[BlackFideId "34139360"]
[EventDate "2019.12.26"]

1. e4 c5 2. Nc3 d6 3. g3 g6 4. Bg2 Bg7 5. d3 Nc6 6. Nge2 Nf6 7. O-O O-O 8. h3
Rb8 9. f4 Nd7 10. g4 b5 11. Ng3 b4 12. Nce2 Nd4 13. Kh1 a5 14. Rb1 a4 15. Be3
Nxe2 16. Qxe2 Ba6 17. b3 axb3 18. axb3 Bb5 19. g5 Ra8 20. h4 Ra2 21. h5 Qc7 22.
Bh3 Rfa8 23. f5 Ne5 24. Rbd1 Rb2 25. Rd2 Rba2 26. Rdd1 Rb2 27. fxg6 hxg6 28.
hxg6 Nxg6 29. Nf5 Qb7 30. Qf2 Ne5 31. Nh6+ Bxh6 32. gxh6 Kh8 33. Rd2 Bd7 34. Qh4
Bxh3 35. Qxh3 Rg8 36. Rg2 Qc8 37. Rxg8+ Qxg8 38. Rg1 Qe8 39. Qg2 Ng6 40. Ra1 Qf8
41. Bc1 1-0

[Event "World Rapid 2019"]
[Site "Moscow RUS"]
[Date "2019.12.27"]
[Round "10.64"]
[White "Shcherbakov, Ruslan"]
[Black "Timofeev, Artyom"]
[Result "0-1"]
[WhiteTitle "GM"]
[BlackTitle "GM"]
[WhiteElo "2527"]
[BlackElo "2588"]
[WhiteFideId "4102240"]
[BlackFideId "4140419"]
[EventDate "2019.12.26"]

1. e4 e5 2. Nf3 Nf6 3. Nxe5 d6 4. Nf3 Nxe4 5. d4 Be7 6. Bd3 Nf6 7. Nc3 O-O 8.
Ne2 Re8 9. O-O Nbd7 10. Ng3 Bf8 11. c3 b6 12. c4 d5 13. Bf4 Bb7 14. Rc1 g6 15.
b3 c5 16. cxd5 Nxd5 17. Bg5 Be7 18. h4 cxd4 19. Rc4 Nc5 20. Rxd4 Ne6 21. Rg4
Nxg5 22. hxg5 Bf8 23. Bb5 Nc3 24. Qxd8 Rexd8 25. Bc4 b5 26. Rc1 Bg7 27. Rxc3
Bxc3 28. Bxb5 a6 29. Bc4 Bd5 30. Be2 Re8 31. Bf1 a5 32. Ne2 Bb4 33. Nf4 Be4 34.
Bc4 Rad8 35. a4 Bc5 36. Ne2 Rd1+ 37. Kh2 Bd6+ 38. Ng3 Kg7 39. Rh4 Bd5 40. Bb5
Re7 41. Nd4 Ree1 42. Kh3 Bxg3 43. Kxg3 Re4 44. Rxe4 Bxe4 45. Ne2 Rd2 46. Kf4
Bxg2 47. Ke3 Rb2 48. Nd4 Bd5 49. f4 Bxb3 50. Nc6 Ra2 0-1

[Event "World Rapid 2019"]
[Site "Moscow RUS"]
[Date "2019.12.27"]
[Round "10.65"]
[White "Kazhgaleyev, Murtas"]
[Black "Alonso Rosell, Alvar"]
[Result "0-1"]
[WhiteTitle "GM"]
[BlackTitle "GM"]
[WhiteElo "2569"]
[BlackElo "2548"]
[WhiteFideId "13700316"]
[BlackFideId "2270544"]
[EventDate "2019.12.26"]

1. d4 Nf6 2. c4 e6 3. Nc3 Bb4 4. e3 d5 5. a3 Bxc3+ 6. bxc3 O-O 7. cxd5 exd5 8.
Bd3 b6 9. Ne2 Ba6 10. O-O Qc8 11. Ng3 Bxd3 12. Qxd3 Qa6 13. Qf5 Nc6 14. f3 Qc4
15. Bd2 Na5 16. Rad1 Nb3 17. Be1 c5 18. Qg5 h6 19. Qf4 Rfe8 20. Nf5 Re6 21. Bh4
Qxc3 22. Kh1 Kf8 23. Nxh6 Qxe3 24. Qxe3 Rxe3 25. Bxf6 gxf6 26. Ng4 Re6 27. dxc5
bxc5 28. Rxd5 c4 29. Rd7 c3 30. Rc7 f5 31. Nf2 Re2 32. Nd3 c2 33. Rc3 Nd4 34.
Kg1 Rd2 35. Nc1 Rb8 36. Rd3 Rxd3 37. Nxd3 Rb1 38. Kf2 Nb3 39. Re1 Rd1 40. Ke2
Rd2+ 41. Ke3 f4+ 42. Ke4 f5+ 43. Kxf5 Rxd3 0-1

[Event "World Rapid 2019"]
[Site "Moscow RUS"]
[Date "2019.12.27"]
[Round "10.66"]
[White "Hansen, Eric"]
[Black "Christiansen, Johan-Sebastian"]
[Result "1/2-1/2"]
[WhiteTitle "GM"]
[BlackTitle "GM"]
[WhiteElo "2606"]
[BlackElo "2597"]
[WhiteFideId "2606771"]
[BlackFideId "1512668"]
[EventDate "2019.12.26"]

1. e4 e6 2. d4 d5 3. Nc3 Nf6 4. Bg5 Bb4 5. e5 h6 6. Bc1 Ne4 7. Ne2 c5 8. a3 Ba5
9. dxc5 Bxc3+ 10. Nxc3 Nxc3 11. bxc3 Nd7 12. Qg4 Qa5 13. Bd2 Kf8 14. Bd3 Nxe5
15. Qg3 Nxd3+ 16. cxd3 Qxc5 17. c4 Kg8 18. Bb4 Qb6 19. O-O Kh7 20. Qf3 f6 21.
cxd5 exd5 22. Qxd5 Qe6 23. Qe4+ Qxe4 24. dxe4 Be6 25. Rac1 Rac8 26. f3 Rxc1 27.
Rxc1 Rc8 28. Rxc8 1/2-1/2

[Event "World Rapid 2019"]
[Site "Moscow RUS"]
[Date "2019.12.27"]
[Round "10.67"]
[White "Grigoriants, Sergey"]
[Black "Vokhidov, Shamsiddin"]
[Result "0-1"]
[WhiteTitle "GM"]
[BlackTitle "IM"]
[WhiteElo "2542"]
[BlackElo "2526"]
[WhiteFideId "4130804"]
[BlackFideId "14204223"]
[EventDate "2019.12.26"]

1. e4 c5 2. Nf3 Nc6 3. d4 cxd4 4. Nxd4 Nf6 5. Nc3 d6 6. Bg5 e6 7. Qd3 Bd7 8.
O-O-O a6 9. f4 Rc8 10. Kb1 b5 11. Nf3 h6 12. Bh4 Be7 13. Bxf6 gxf6 14. g3 Qb6
15. Bh3 Qc5 16. Rhe1 Rc7 17. e5 dxe5 18. f5 Nb4 19. Qe4 Bc6 20. Qe2 Qc4 21. Qxc4
bxc4 22. Nd2 Bd7 23. fxe6 Bxe6 24. Bxe6 fxe6 25. Nde4 Kf7 26. Nd6+ Bxd6 27. Rxd6
Rb8 28. Re4 Ke7 29. Rd1 Rc5 30. Rh4 Nd5 31. Nxd5+ Rxd5 32. Rxd5 exd5 33. Rxh6 c3
34. b3 e4 35. Kc1 Ke6 36. g4 Rg8 37. h3 Ke5 38. Rh5+ Rg5 39. h4 Rxh5 40. gxh5 f5
41. h6 Kf6 42. b4 f4 43. a4 f3 44. Kd1 d4 45. b5 f2 46. Ke2 d3+ 0-1

[Event "World Rapid 2019"]
[Site "Moscow RUS"]
[Date "2019.12.27"]
[Round "10.68"]
[White "Paravyan, David"]
[Black "Tran, Tuan Minh"]
[Result "1-0"]
[WhiteTitle "GM"]
[BlackTitle "GM"]
[WhiteElo "2629"]
[BlackElo "2529"]
[WhiteFideId "4194985"]
[BlackFideId "12401820"]
[EventDate "2019.12.26"]

1. e4 c5 2. Nf3 d6 3. d4 cxd4 4. Nxd4 Nf6 5. Nc3 a6 6. Bd3 e5 7. Nb3 Be7 8. O-O
O-O 9. h3 Nbd7 10. a4 b6 11. Bc4 Bb7 12. Qd3 Qc7 13. Be3 Rfc8 14. Nd2 Nc5 15.
Bxc5 Qxc5 16. Rfd1 g6 17. Bb3 Rd8 18. Nf1 Rac8 19. Ne3 Bf8 20. Ncd5 Nxd5 21.
Bxd5 Bxd5 22. Nxd5 Qxc2 23. Qxa6 Qxb2 24. Qxb6 Qxb6 25. Nxb6 Rb8 26. a5 f5 27.
Rdb1 Rb7 28. f3 fxe4 29. fxe4 Ra7 30. Kf2 Rb8 31. Ke2 Be7 32. Nd5 Rba8 33. Nxe7+
Rxe7 34. a6 Kf7 35. Rb6 Ke6 36. h4 Rc7 37. Kd3 Kd7 38. g4 Rca7 39. Kc4 Kc7 40.
Kb5 1-0